Statistics for Italy Decoder

Click here to take the quiz!

General Stats

  • This quiz has been taken 321 times
  • The average score is 12 of 19

Answer Stats

HintAnswer% Correct
RCapital cityRome
99%
SLargest islandSicily
99%
IItaly in ItalianItalia
97%
AFashion designer Giorgio ______Armani
92%
ELargest volcanoEtna
88%
EItalian coffeeEspresso
82%
OItaly has hosted this sporting event three timesOlympic games
81%
AFirst Roman emperorAugustus
74%
TDessert whose name means "cheer me up"Tiramisu
74%
NCapital in the region CampaniaNaples
71%
RGuglielmo Marconi is considered to be the inventor of _____Radio
68%
LMilan is the largest city in this regionLombardy
64%
AWrote "The Divine Comedy"Alighieri
51%
ISea seperating Italy from GreeceIonian Sea
49%
FDirector of "La Dolce Vita"Fellini
48%
DMountain range in northeastern ItalyDolomites
41%
Tourist attraction:Santa Maria del Fiore
39%
MWorld's highest man-made waterfallMarmore falls
15%
ASculptor that made Fountain of NeptuneAmmannati
10%

Score Distribution

Percentile by Number Answered

Percent of People with Each Score

Your Score History

You have not taken this quiz